Non-neoplastic hematopathology and infections (Record no. 52779)
[ view plain ]
| 000 -LEADER | |
|---|---|
| fixed length control field | 01495nam a2200337 a 4500 |
| 245 00 - TITLE STATEMENT | |
| Title | Non-neoplastic hematopathology and infections |
| 260 ## - PUBLICATION, DISTRIBUTION, ETC. (IMPRINT) | |
| Place of publication | Hoboken, N.J. : |
| Name of publisher | Wiley-Blackwell, |
| Year of publication | 2012. |
| 300 ## - PHYSICAL DESCRIPTION | |
| Number of Pages | xxx, 576 p. : |
| Other physical details | ill. (some col.) |
| 500 ## - GENERAL NOTE | |
| General note | Two columns to the page. |
| 505 0# - FORMATTED CONTENTS NOTE | |
| Formatted contents note | pt. 1. Non-neoplastic hematology -- pt. 2. Infectious aspects of hematology -- pt. 3. Non-neoplastic lymph node pathology and infections -- pt. 4. Non-neoplastic findings in bone marrow transplantation. |
| 650 #0 - SUBJECT ADDED ENTRY--TOPICAL TERM | |
| Topical Term | Blood |
| Topical Term | Infection. |
| 700 1# - ADDED ENTRY--PERSONAL NAME | |
| Personal name | Cualing, Hernani D. |
| Personal name | Bhargava, Parul. |
| Personal name | Sandin, Ramon L. |
| 856 40 - ELECTRONIC LOCATION AND ACCESS | |
| Uniform Resource Identifier | http://site.ebrary.com/lib/rucke/Doc?id=10630520 |
No items available.
